Statistics for World Capital Bullseye #3

Click here to take the quiz!

General Stats

  • This quiz has been taken 105 times
  • The average score is 19 of 21

Answer Stats

Capital City% Correct
Rome
99%
Zagreb
98%
Athens
97%
Belgrade
97%
Vienna
95%
Bratislava
92%
Budapest
92%
Prague
92%
Ljubljana
91%
Sofia
91%
Tirana
91%
Skopje
90%
Bucharest
89%
San Marino
88%
Podgorica
86%
Pristina
86%
SARAJEVO
86%
Vatican City
85%
Tunis
84%
Valletta
84%
Vaduz
73%

Score Distribution

Percentile by Number Answered

Percent of People with Each Score

Your Score History

You have not taken this quiz